00782nam a2200241 a 4500001001300000003000900013005001700022008004100039020002300080082001600103100003300119245007200152260004000224300000900264500003500273505002800308650002200336700003300358902000800391942000700399952011700406999001700523nice12345678IN_TiNIC20260116014133.0090109s2008 newa grp 000 0 eng  a8125033653 c39500a234.13bFLU aFlueckiger, Joyce Burkhalter aIn Amma`s Healing Roomb Gender and Vernacular Islam in South India aNew Delhi bOrient Blackswan c2008 a294p aincludes index and biblioraphy2 agloddary, biblio, index aHealing-Religious1 aFlueckiger, Joyce Burkhalter bSRS cBK 001040708StackRoom-aHMIbHMId2013-08-26g395.00l0o234.13 FLUp022589r2013-08-26v395.00w2009-01-09yBK c14039d14039